Доброе слово

RUSMARC
00005770cac2a2200000 x 450
001440f5fbf-0f72-47c3-9fec-d9df6c0337e3
00520160516150818.0
100##$a20160212l18901890k l0rusy0189 ca
1010#$arus
102##$aRU
2001#$aДоброе слово
$eпервый год обучения
$eкнига для классного чтения, примененная к потребностям сельских народных училищ с трёхлетним курсом и церковно-приходских школ
$fсоставил Г. М. Дьяченко
251##$cДело
801#0$aRU
$bРГИА
$c20160212
$gRCR
801#1$aRU
$bГлавНИВЦ
$c20160212
$2rusmarc
801#2$aRU
$bПБ им. Б.Н. Ельцина
$c20160328
$gRCR
$2rusmarc
850##$aРГИА
852##$aРГИА
$eФедеральное казенное учреждение "Российский государственный исторический архив" (РГИА)
$j3783
937##$hРГИА
$d12201304
$aASBIBLIO_SCAN
215##$a165 с.
$cил.
$d21,5х14 см
105##$aa###
1222#$ad
205##$a2-е исправленное и вновь переработанное издание
2101#$aМосква
$cКнижный магазин В. В. Думнова
$d1890
$gТипография М. Г. Волчанинова
461#0$10012640edd5-2044-417d-b282-4ec02c959e00
$12001
$aДублетный фонд НСБ
$1251
$cФонд
$1852
$j0
462#0$100101f3c915-c163-4bd9-8823-fd1c871481a4
$12001
$aДублетный фонд Библиотеки
$vД. 3783
$1251
$cОпись
$1852
$j1
$lД
035##$a440f5fbf-0f72-47c3-9fec-d9df6c0337e3
605##$2acquisition_Prlib
$3DITM\AF\0000003834
$aНарод
$lколлекция
605##$2acquisition_Prlib
$3DITM\AF\0000003865
$aРусский язык
$lколлекция
605##$2acquisition_prlib
$3LIBNET\UAF\0000061920
$aСинод в истории российской государственности
$lколлекция
6061#$2nlr_sh
$3RU\NLR\AUTH\66969347
$aРусский язык
$jХрестоматии для средней школы
6061#$aДуховное образование православное
$jХрестоматии для средней школы
$2nlr_sh
$3RU\NLR\AUTH\661001175
686##$2rubbk
$a81.411.2я72-3
$vLBC/M
686##$a86.372я72-3
$vLBC/M
$2rubbk
701#1$3RU\NLR\AUTH\771147
$4070
$aДьяченко
$bГ. М.
$f1850-1903
$gГригорий Михайлович
8564#$uhttp://www.prlib.ru/Lib/pages/item.aspx?itemid=138252
Формат отображения